000 00988nam a2200229 i 4500
001 55982
003 ES-MaACL
005 20240111173949.0
007 t|
008 031001s1949 sp ||||1| spa d
100 1 _aDíaz López, Nazario.
_944331
245 1 0 _aAnálisis elemental y comparado de legislación farmacéutica nacional y extranjera /
_cdiscurso leído por Nazario Díaz López en la solemne sesión celebrada el día 23 de abril de 1949 para su ingreso en la Real Academia de Farmacia ; y contestación por Fernando Hergueta Vidal.
260 _aMadrid :
_b[s.n.],
_c1949 (
_fGráf. Valera)
300 _a106 p. ;
_c25 cm.
594 _aPrecede al tít.: Instituto de España. Real Academia de Farmacia.
650 7 _aFarmacia-
_xDerecho
_2
_9172581
650 7 _aFarmacia-
_xDerecho
_2
_9172581
700 1 _aHergueta Vidal, Fernando.
_962713
710 0 _aReal Academia de Farmacia (España)
_96307
852 _aES-MaACL
_j1893-F-13
999 _c55982
_d55982